| 000 | 01220nam0a22002771 4500 | ||
|---|---|---|---|
| 001 | rc\2814871 | ||
| 005 | 20250806211013.0 | ||
| 035 | _a(NLR Aleph) 006940649 | ||
| 090 |
_a38332 _c38332 |
||
| 100 | _a20110915d1945 u y0rusy50 ca | ||
| 101 | 0 | _arus | |
| 102 | _aRU | ||
| 105 | _aa z ||||| | ||
| 200 | 1 |
_aСжатые горючие газы _fК. С. Зарембо _gПод ред. чл.-кор. Акад. наук СССР А. Б. Чернышева _gВсес. науч.-иссл. ин-т искусств жидкого топлива и газа "ВНИГИ" |
|
| 210 |
_aМосква _aЛенинград _cГостоптехиздат _d1945 _eЛенинград _gтип. "Кр. печатник" |
||
| 215 |
_a141 с., включ. 1 с. обл., 1 л. схем. _cил., черт. _d22 см. |
||
| 320 | _aБиблиогр. в конце глав | ||
| 700 | 1 |
_aЗарембо _bК.С. _f1894-1968 _gКонстантин Станиславович |
|
| 702 | 1 |
_aЧернышев _bА.Б. _4340 |
|
| 801 | 0 |
_aRU _bNLR _gpsbo |
|
| 801 | 1 |
_aRU _bELAR _2rusmarc |
|
| 852 |
_aNLR _jТ44 Г-5/68 |
||
| 942 | _cBOOK | ||
| 945 | _aРоссийская национальная библиотека | ||
| 980 | _aNB | ||
| 980 | _aBV | ||